Football : les champions de France de ligue au 21ème siècle - Statistiques

Statistiques générales
  • Ce quiz a été pris 337 fois
  • Le résultat moyen est 24 sur 25
Statistiques - réponses
Année Club % Correct
2024 PSG
100%
2023 PSG
100%
2022 PSG
100%
2020 PSG
100%
2019 PSG
100%
2018 PSG
100%
2016 PSG
100%
2015 PSG
100%
2014 PSG
100%
2013 PSG
100%
2017 Monaco
97%
2000 Monaco
97%
2010 OM
97%
2008 OL
96%
2007 OL
96%
2006 OL
96%
2005 OL
96%
2004 OL
96%
2003 OL
96%
2002 OL
96%
2021 LOSC
91%
2011 LOSC
91%
2012 Montpellier
91%
2009 Bordeaux
85%
2001 Nantes
80%
Aucun quiz correspondant
Distribution des résultats
% des personnes avec chaque résultat
Percentile par nombre de réponses
Votre historique - résultats
Vous n’avez pas pris ce quiz